<?xml version="1.0" encoding="UTF-8"?>
<record
    xmlns:xsi="http://www.w3.org/2001/XMLSchema-instance"
    xsi:schemaLocation="http://www.loc.gov/MARC21/slim http://www.loc.gov/standards/marcxml/schema/MARC21slim.xsd"
    xmlns="http://www.loc.gov/MARC21/slim">

  <leader>01140nam a2200181Ia 4500</leader>
  <datafield tag="952" ind1=" " ind2=" ">
    <subfield code="0">0</subfield>
    <subfield code="1">0</subfield>
    <subfield code="2">lcc</subfield>
    <subfield code="4">0</subfield>
    <subfield code="7">0</subfield>
    <subfield code="a">01</subfield>
    <subfield code="b">01</subfield>
    <subfield code="d">2022-09-05</subfield>
    <subfield code="l">0</subfield>
    <subfield code="o">PC4571  M37</subfield>
    <subfield code="p">16 001515</subfield>
    <subfield code="r">2023-07-12</subfield>
    <subfield code="t">1</subfield>
    <subfield code="w">2022-09-05</subfield>
    <subfield code="y">LB</subfield>
  </datafield>
  <datafield tag="999" ind1=" " ind2=" ">
    <subfield code="c">70178</subfield>
    <subfield code="d">70178</subfield>
  </datafield>
  <controlfield tag="008">120626s1996    mx            000 0 spa d</controlfield>
  <datafield tag="020" ind1=" " ind2=" ">
    <subfield code="a">968412984X</subfield>
  </datafield>
  <datafield tag="050" ind1=" " ind2=" ">
    <subfield code="a">PC4571 </subfield>
    <subfield code="b">M37</subfield>
  </datafield>
  <datafield tag="100" ind1=" " ind2=" ">
    <subfield code="a">Mateos Mu&#xF1;oz, Agust&#xED;n </subfield>
    <subfield code="e">autor</subfield>
  </datafield>
  <datafield tag="245" ind1=" " ind2=" ">
    <subfield code="a">Compendio de etimologias grecolatinas del  espa&#xF1;ol </subfield>
    <subfield code="c">/ Agustin Mateos Mu&#xF1;oz</subfield>
  </datafield>
  <datafield tag="250" ind1=" " ind2=" ">
    <subfield code="a">35a. edici&#xF3;n</subfield>
  </datafield>
  <datafield tag="260" ind1=" " ind2=" ">
    <subfield code="a">M&#xE9;xico</subfield>
    <subfield code="b">: Esfinge</subfield>
    <subfield code="c">, 1996</subfield>
  </datafield>
  <datafield tag="300" ind1=" " ind2=" ">
    <subfield code="a">408 p&#xE1;ginas</subfield>
  </datafield>
  <datafield tag="505" ind1=" " ind2=" ">
    <subfield code="a">Concepto y definici&#xF3;n de etimolog&#xED;a   
Elementos del espa&#xF1;ol (Latinos y no latinos)   
Alfabeto latino   
Evoluci&#xF3;n fon&#xE9;tica de las vocales latinas (t&#xF3;nicas y &#xE1;tonas)   
Asimilaci&#xF3;n de las vocales y consonantes   
Enunciado de sustantivos y adjetivos latinos para distinguir g&#xE9;neros y declinaci&#xF3;n a que pertenecen   
El adverbio latino en cuanto trasciende al espa&#xF1;ol   
Elementos morfol&#xF3;gicos de las palabras espa&#xF1;olas   
El alfabeto griego y su valor fon&#xE9;tico   
Enunciado de sustantivos y adjetivos griegos para distinguir g&#xE9;neros y declinaci&#xF3;n a que pertenecen  
Los adverbios griegos y su huella en el espa&#xF1;ol </subfield>
  </datafield>
  <datafield tag="519" ind1=" " ind2=" ">
    <subfield code="a"> </subfield>
    <subfield code="d"> </subfield>
  </datafield>
  <datafield tag="650" ind1=" " ind2="0">
    <subfield code="a">ESPA&#xD1;OL</subfield>
    <subfield code="x">ETIMOLOG&#xCD;A</subfield>
  </datafield>
  <datafield tag="942" ind1=" " ind2=" ">
    <subfield code="c">LB</subfield>
    <subfield code="2">lcc</subfield>
  </datafield>
</record>
